000 00225nam a22000857a 4500
008 170605b xxu||||| |||| 00| 0 eng d
100 _93272
_aGarg. C
245 _aWorld Famous popular folk
260 _aDelhi
_bManoj Publication
_c2005
999 _c6587
_d6587